| 000 | 00000nam##2200000za#4500 |
| 001 | 9.639572 |
| 003 | CaOODSP |
| 005 | 20210624222234 |
| 007 | cr ||||||||||| |
| 008 | 150407|2001||||xxc|||||o f|0| 0 fre|d |
| 040 | |aCaOODSP|bfre |
| 043 | |an-cn--- |
| 086 | 1 |aM92-201/2000F-PDF |
| 110 | 1 |aCanada.|bRessources naturelles Canada. |bOffice de l'efficacité énergétique. |
| 245 | 10|aL'Initiative des bâtiments fédéraux : |h[ressource électronique]|bun aperçu général |
| 260 | |aOttawa - Ontario : |bRessources naturelles Canada. |cc2001. |
| 300 | |a18p.|bréférences |
| 500 | |a«Le présent aperçu explique l'initiative des bâtiments fédéraux (IBF). De façon générale, il a pour but de donner aux cadres l'information nécessaire pour comprendre l'Initiative - ses bienfaits pour l'environnement, ses avantages financiers et certains des aspects importants de sa mise en application.»--Introduction, p.6 de 18. |
| 500 | |aLe n° de catalogue (M92-201/2000F) et l'ISBN (0-662-85009-2) de l'édition imprimée ont été incorrectement copiés dans cette édition électronique. |
| 520 | 3 |aLe présent aperçu explique l'initiative des bâtiments fédéraux (IBF). De façon générale, il a pour but de donner aux cadres l'information nécessaire pour comprendre l'Initiative - ses bienfaits pour l'environnement, ses avantages financiers et certains des aspects importants de sa mise en application.--Introduction, p. 6 de 18. |
| 590 | |a12-15-Supp|b2012-04-13 |
| 691 | 07|aRendement énergétique|2gcpds |
| 691 | 07|aGouvernement fédéral|2gcpds |
| 691 | 07|aPassation des marchés|2gcpds |
| 691 | 07|aBâtiment|2gcpds |
| 775 | 08|tThe Federal Buildings Initiative : |w(CaOODSP)9.695436 |
| 776 | 0#|tL'Initiative des bâtiments fédéraux : |w(CaOODSP)9.681248 |
| 856 | 40|ahttp://publications.gc.ca|qPDF|s2.21 Mo|uhttps://publications.gc.ca/collections/Collection/M92-201-2000F.pdf |